Writing to communicate paragraphs and essays

Đã lưu trong:
书目详细资料
主要作者: Cynthia A. Boardman
格式: 图书
语言:Undetermined
出版: London Longman 2002
标签: 添加标签
没有标签, 成为第一个标记此记录!
Thư viện lưu trữ: Trung tâm Học liệu Trường Đại học Cần Thơ
LEADER 00372nam a2200133Ia 4500
001 CTU_65785
008 210402s9999 xx 000 0 und d
020 |b 259000 
100 |a Cynthia A. Boardman 
245 0 |a Writing to communicate paragraphs and essays 
260 |a London 
260 |b Longman 
260 |c 2002 
980 |a Trung tâm Học liệu Trường Đại học Cần Thơ